| 000 | 00609nam a2200205Ii 4500 | ||
|---|---|---|---|
| 003 | JO-AjNU | ||
| 008 | 230605s9999||||xx |||||||||||||| ||und|| | ||
| 017 | _a2010/11/4231 | ||
| 040 |
_aJO-AjNU _bara _erda _cJO-AjNU |
||
| 041 | _aara | ||
| 050 | 1 | 4 | _aPJ7538 2010 |
| 100 | 3 |
_aالمعاني، سامر, _eauthor _947667 |
|
| 245 | 0 | 0 | _aأحلام الكرى |
| 264 | 3 | 1 | _aعمان: المؤلف، 2010 |
| 300 | _a90ص | ||
| 336 |
_atext _btxt _2rdacontent |
||
| 337 |
_aunmediated _bn _2rdamedia |
||
| 338 |
_avolume _bnc _2rdacarrier |
||
| 650 | 4 |
_aالأدب العربي - العصر الحديث _947668 |
|
| 999 |
_aA20824 _c24392 _d24392 |
||